ნორმალური ფორმატი
MARC ფორმატი
ჩანაწერი Personal Name
ჩანაწერთა რაოდენობა, რომელიც გამოყენებულია: 1
001 - CONTROL NUMBER
- control field: 22452
003 - CONTROL NUMBER IDENTIFIER
- control field: GE_BSU
005 - DATE AND TIME OF LATEST TRANSACTION
- control field: 20240617154441.0
008 - FIXED-LENGTH DATA ELEMENTS
- fixed length control field: 240617|| aca||aabn | a|a d
040 ## - CATALOGING SOURCE
- Original cataloging agency: GE_BSU
- Transcribing agency: GE_BSU
100 ## - HEADING--PERSONAL NAME
- Personal name: აბესაძე, ნ. (ნინო)
- Relator term: ავტორი
670 ## - SOURCE DATA FOUND
- Source citation: Work cat.: (GE_BSU)43705: ტურიზმი ეკონომიკა და ბიზნესი : V საერთაშორისო სამეცნ.-პრაქტ. კონფერენცია, ბათუმი - ხიხანის ხეობა, 5-6 ივლისი, 2014 :
